000
00238nam a22001097a 4500
999
_c
166856
_d
166856
082
_a
_b
100
_a
Kamaleswar
245
_a
Pathi patni aur woh/
_c
by Kamaleswar.
260
_a
New Delhi:
_b
Rajpal,
_c
2006.
650
_a
942
_c
BK